[Event "Thessaloniki-Chalkidiki-chT B local"]
[Site "Thessaloniki"]
[Date "2019.01.27"]
[Round "3.1"]
[White "Komsoulas, Asterios"]
[Black "Ntelopoulos, Ioannis"]
[Result "1-0"]
[WhiteElo "1896"]
[BlackElo "1691"]
[PlyCount "133"]
[EventDate "2019.01.13"]
[EventType "team-swiss"]
[EventRounds "9"]
[EventCountry "GRE"]
[SourceTitle "EXT 2020"]
[Source "ChessBase"]
[SourceDate "2019.10.17"]
[SourceVersion "1"]
[SourceVersionDate "2019.10.17"]
[SourceQuality "1"]

1. e4 e5 2. Bc4 Nc6 3. Nf3 Bc5 4. d3 Nf6 5. Bg5 h6 6. Bh4 d6 7. h3 Bd7 8. c3 Qe7 9. a4 a5 10. Nbd2 Bb6 11. Qc2 g5 12. Bg3 Nh5 13. 0-0-0 0-0-0 14. Bb5 Nf4 15. Bxf4 gxf4 16. Nc4 Kb8 17. Nxb6 cxb6 18. Nd2 Rc8 19. Nc4 Ka7 20. Kb1 Be6 21. f3 Rhg8 22. Rhg1 Rg6 23. Qf2 Bxc4 24. Bxc4 Rg3 25. Bb3 h5 26. d4 f6 27. dxe5 fxe5 28. Rd5 h4 29. Rgd1 Rd8 30. Rb5 Qc7 31. Rd2 Rd7 32. Be6 Rd8 33. Bg4 Rf8 34. Qg1 Rf6 35. Rbd5 Kb8 36. Qd1 Ka7 37. Rxd6 Rxd6 38. Rxd6 Rxg2 39. Rd7 Qb8 40. Qd5 Rg1+ 41. Ka2 Qc8 42. Rg7 Qf8 43. Rf7 Qc5 44. Bc8 Nb4+ 45. cxb4 Qxc8 46. bxa5 bxa5 47. Qxa5+ Kb8 48. Qxe5+ Ka7 49. Qd4+ Kb8 50. Qxg1 Qe6+ 51. b3 Qxf7 52. Qc5 Qf6 53. e5 Qf5 54. Qd6+ Ka8 55. e6 Qc2+ 56. Ka3 Qc1+ 57. Kb4 Qe1+ 58. Kb5 Qe2+ 59. Ka5 Qe1+ 60. b4 Qe3 61. e7 Ka7 62. Kb5 Qe2+ 63. Kc5 Qc2+ 64. Kd5 Qd3+ 65. Ke6 Qg6+ 66. Kd7 Qf5+ 67. Kd8 1-0

[Event "Thessaloniki Triandria op 10th"]
[Site "Thessaloniki"]
[Date "2017.04.17"]
[Round "1"]
[White "Giannoulakis, Labros"]
[Black "Ntelopoulos, Ioannis"]
[Result "1-0"]
[WhiteElo "2335"]
[BlackElo "1760"]
[PlyCount "57"]
[EventDate "2017.04.17"]
[EventType "swiss"]
[EventRounds "9"]
[EventCountry "GRE"]
[SourceTitle "CBM 178 Extra"]
[Source "ChessBase"]
[SourceDate "2017.06.22"]
[SourceVersion "1"]
[SourceVersionDate "2017.06.22"]
[SourceQuality "1"]

1. d4 d5 2. c4 c6 3. Nf3 Nf6 4. e3 g6 5. Bd3 Bg7 6. 0-0 0-0 7. Nbd2 Bg4 8. b3 Nbd7 9. Bb2 Re8 10. h3 Bxf3 11. Nxf3 Qc7 12. Rc1 e5 13. dxe5 Nxe5 14. Bxe5 Rxe5 15. Nxe5 Qxe5 16. cxd5 Nxd5 17. Bc4 Rd8 18. Qf3 Bf8 19. Rcd1 Bd6 20. g3 Nf6 21. Rd4 Be7 22. Rxd8+ Bxd8 23. Rd1 Bc7 24. Rd7 Qa1+ 25. Kg2 Be5 26. Rxf7 b5 27. Rxf6+ bxc4 28. Rxc6 cxb3 29. Rc8+ 1-0